000 00487nam a2200193Ia 4500
003 GCL
008 140319s9999 xx 000 0 eng d
040 _aGCL /
_cGCL
082 0 4 _a361.61
_bG J
100 1 _aGEORGE, VICTOR
245 1 0 _aIDEOLOGY AND SOCIAL WELFARE /
_cGEORGE, VICTOR
700 1 _aWILDING, PAUL
260 _a[S.N] :
_bROUTLEDGE ،
_c1985
300 _a171 P
650 0 4 _aSOCIAL POLICY
650 0 4 _aSOCIAL JUSTICE
650 0 4 _aWELFARE STATE
942 _2ddc
_cBK
999 _c17072
_d17072